Normal view
MARC view
- الإدارة التربوية-التربية-التعليم-المدارس-تدريس
Entry Topical Term
001 - CONTROL NUMBER
- control field: 42836
003 - CONTROL NUMBER IDENTIFIER
- control field: JO-AjAnu
005 - DATE AND TIME OF LATEST TRANSACTION
- control field: 20230606081114.0
008 - FIXED-LENGTH DATA ELEMENTS
- fixed length control field: 230606|| aca||aabn | a|a d
040 ## - CATALOGING SOURCE
- Original cataloging agency: JO-AjAnu
- Transcribing agency: JO-AjAnu
150 ## - HEADING--TOPICAL TERM
- Topical term or geographic name entry element: الإدارة التربوية-التربية-التعليم-المدارس-تدريس
670 ## - SOURCE DATA FOUND
- Source citation: Work cat.: (JO-AjAnu)21939: الحريري،رافدة عمر, author 42835, التقويم التربوي الشامل للمؤسسة المدرسية